000 00286nam a22001337a 4500
008 170608b xxu||||| |||| 00| 0 eng d
020 _a002208807
041 _aeng
080 _a94
100 _a18
101 _aSHH
245 _aMAO'S CHINA AND AFTER
_cMEISNER,M
942 _2udc
_cBK
999 _c16451
_d16451